Дело о дозволении арестантам римско-католического исповедания, содержащимся в доме неисправных должников, выхода в приходскую их...

Доступно только в Электронных читальных залах Найти на картеНа карте
RUSMARC
00003795nmc2a22000003x 450
00188472242-f7b6-4f17-94e3-a780dcd278e0
00520200305121359.0
100##$a20180907l18661867k l0rusy0189 ca
1010#$arus
102##$aRU
2001#$aДело о дозволении арестантам римско-католического исповедания, содержащимся в доме неисправных должников, выхода в приходскую их церковь Святой Екатерины по воскресным и праздничным дням
$j22 июня 1866 г. - 21 мая 1867 г.
251##$cДело
300##$aДело
801#0$aRU
$bРГИА
$c20180907
$gRCR
801#1$aRU
$bГлавНИВЦ
$c20180907
$2rusmarc
801#2$aRU
$bПБ им. Б.Н. Ельцина
$c20200305
$gRCR
$2rusmarc
850##$aРГИА
852##$aРГИА
$eФедеральное казенное учреждение "Российский государственный исторический архив" (РГИА)
$j452
937##$hРГИА
$d12292381
$aASBIBLIO_SCAN
462#0$1001d8f9f7d4-b5a2-42ce-9901-502471366df6
$12001
$aДела Департамента полиции исполнительной МВД за 1866 год
$1251
$cОпись
$1852
$j27
$l1866 г.
461#0$10013e300ed0-cd39-49af-8489-5ba5b90fa401
$12001
$aДепартамент полиции исполнительной МВД
$1251
$cФонд
$1852
$j1286
215##$a15 л.
$d36,5х26 см
371##$aДокумент не является опубликованным и широко распространяемым
105##$ay###
1222#$ad
035##$a88472242-f7b6-4f17-94e3-a780dcd278e0
856##$uhttp://readingroom.main.prlib.ru/item.aspx?id_node=n142964397&mode=full
Формат отображения